BUBT Library Online Catalog

The Guide/ (Record no. 6774)

000 -LEADER
fixed length control field 00564nam a22002057a 4500
003 - CONTROL NUMBER IDENTIFIER
control field BUBTL
008 - FIXED-LENGTH DATA ELEMENTS--GENERAL INFORMATION
fixed length control field 221101b ||||| |||| 00| 0 eng d
020 ## - INTERNATIONAL STANDARD BOOK NUMBER
International Standard Book Number 9788185986074
082 ## - DEWEY DECIMAL CLASSIFICATION NUMBER
Classification number 823.3/ N1646g/ 1958
100 ## - MAIN ENTRY--PERSONAL NAME
9 (RLIN) 4814
Personal name Narayan, R.K.
245 ## - TITLE STATEMENT
Title The Guide/
Statement of responsibility, etc. R.K. Narayan
250 ## - EDITION STATEMENT
Edition statement 1st Edn
260 ## - PUBLICATION, DISTRIBUTION, ETC. (IMPRINT)
Place of publication, distribution, etc. Chennai:
Name of publisher, distributor, etc. Indian Thought Publications,
Date of publication, distribution, etc. c1958
300 ## - PHYSICAL DESCRIPTION
Extent 247 p.:
Dimensions 21 cm.
505 ## - FORMATTED CONTENTS NOTE
Formatted contents note Guide, R.K. Narayan
650 #0 - SUBJECT ADDED ENTRY--TOPICAL TERM
9 (RLIN) 1994
Topical term or geographic name as entry element English Literature
856 ## - ELECTRONIC LOCATION AND ACCESS
Password 0
Logon 0
Link text Download
942 ## - ADDED ENTRY ELEMENTS (KOHA)
Source of classification or shelving scheme
Koha item type Books
Holdings
Withdrawn status Lost status Source of classification or shelving scheme Damaged status Not for loan Collection code Permanent location Current location Shelving location Date acquired Source of acquisition Inventory number Total Checkouts Full call number Barcode Date last seen Date last checked out Copy number Price effective from Koha item type
          Fiction Bangladesh University of Business and Technology Library Bangladesh University of Business and Technology Library English Literature Stacks 03/05/2012 Purchase 13299 3 823.3/ N1646g/ 1958 BUBTL-200313299 02/22/2024 02/07/2024 C-1 11/01/2022 Books
          Fiction Bangladesh University of Business and Technology Library Bangladesh University of Business and Technology Library English Literature Stacks 03/05/2012 Purchase 13301 3 823.3/ N1646g/ 1958 BUBTL-200313301 06/06/2024 05/29/2024 C-2 11/01/2022 Books
          Fiction Bangladesh University of Business and Technology Library Bangladesh University of Business and Technology Library English Literature Stacks 06/14/2007 Purchase 4064   823.3/ N1646g/ 1958 BUBTL-20034064 11/01/2022   C-3 11/01/2022 Books
        Not For Loan Fiction Bangladesh University of Business and Technology Library Bangladesh University of Business and Technology Library English Literature Stacks 07/24/2011 Purchase 10731   823.3/ N1646g/ 1958 BUBTL-200310731 11/01/2022   C-4 11/01/2022 Books
          Fiction Bangladesh University of Business and Technology Library Bangladesh University of Business and Technology Library English Literature Stacks 03/15/2012 Purchase 13298 3 823.3/ N1646g/ 1958 BUBTL-200313298 07/15/2024 07/08/2024 C-5 11/02/2022 Books
          Fiction Bangladesh University of Business and Technology Library Bangladesh University of Business and Technology Library English Literature Stacks 03/05/2012   13300   823.3/ N1646g/ 1958 BUBTL-200313300 07/08/2024   C-6 07/08/2024 Books

More Information About Library

Library Hours

  • Open: 9.00 am. to 9.00 pm.
  • Only Sunday: 9.00 am. to 6.00 pm.
  • Closed: Holiday

Contact to the University

Bangladesh University of Business and Technology Library

  • Mirpurl-2, 1216.
  • Phone:
  • Fax:
  • E-Mail: admin.library@bubt.edu.bd

Contact to the Library

Contact Person:

Md. Abdul Hakim Shah
Joint Librarian
PABX No:  113
Cell No: 01816332931
E-mail: official: admin.library@bubt.edu.bd
Personal: hakim.shah@bubt.edu.bd


BUBT Library

Copyright © 2021